| 000 | 00349cam a22001217a 4500 | ||
|---|---|---|---|
| 008 | 180718b1941 xxu||||| |||| 00| 0 eng d | ||
| 082 | _aA38 R911 | ||
| 100 | _aRussell, Bertran | ||
| 245 |
_aLet the people think: a selection of essays _cby Bertrand Russell |
||
| 260 |
_aLondon _bWatts _c1941 |
||
| 300 | _a116p. | ||
| 650 | _aPeople think- Great Bitain | ||
| 999 |
_c434264 _d434264 |
||